Walking out of spiritual abuse (Record no. 1677)

MARC details
000 -LEADER
fixed length control field 00960cam a22002894a 4500
001 - CONTROL NUMBER
control field 13254076
003 - CONTROL NUMBER IDENTIFIER
control field GBCCL
005 - DATE AND TIME OF LATEST TRANSACTION
control field 20241126110406.0
008 - FIXED-LENGTH DATA ELEMENTS--GENERAL INFORMATION
fixed length control field 030626s2004 miu b 000 0 eng
010 ## -
-- 2003055427
020 ## - INTERNATIONAL STANDARD BOOK NUMBER
International Standard Book Number 1852402199
040 ## - CATALOGING SOURCE
Original cataloging agency DLC
Transcribing agency DLC
Modifying agency DLC
042 ## -
-- pcc
050 00 -
-- BR114
-- .D87 2004
082 00 - DEWEY DECIMAL CLASSIFICATION NUMBER
Classification number 262.8
Edition information 22
Item number DUP
100 1# - MAIN ENTRY--PERSONAL NAME
Personal name Dupont, Marc.
9 (RLIN) 3439
245 10 - TITLE STATEMENT
Title Walking out of spiritual abuse
Statement of responsibility, etc. Marc Dupont.
260 ## - PUBLICATION, DISTRIBUTION, ETC.
Place of publication, distribution, etc. England :
Name of publisher, distributor, etc. Sovereign world,
Date of publication, distribution, etc. 1997.
300 ## - PHYSICAL DESCRIPTION
Extent 191 p. ;
Dimensions 22 cm.
650 #0 - SUBJECT ADDED ENTRY--TOPICAL TERM
Topical term or geographic name entry element Religious addiction.
9 (RLIN) 3440
650 #0 - SUBJECT ADDED ENTRY--TOPICAL TERM
Topical term or geographic name entry element Christianity
General subdivision Psychology.
9 (RLIN) 1193
650 #0 - SUBJECT ADDED ENTRY--TOPICAL TERM
Topical term or geographic name entry element Psychological abuse
General subdivision Religious aspects
-- Christianity.
9 (RLIN) 3441
700 1# - ADDED ENTRY--PERSONAL NAME
Personal name Dupont, Marc.
Title of a work Walking out of spiritual abuse.
9 (RLIN) 3442
906 ## - LOCAL DATA ELEMENT F, LDF (RLIN)
a 7
b cbc
c orignew
d 1
e ocip
f 20
g y-gencatlg
942 ## - ADDED ENTRY ELEMENTS (KOHA)
Source of classification or shelving scheme Dewey Decimal Classification
Koha item type Books
Holdings
Withdrawn status Lost status Source of classification or shelving scheme Damaged status Not for loan Home library Current Library Shelving location Date acquired Total checkouts Full call number Barcode Date last seen Copy number Price effective from Koha item type
    Dewey Decimal Classification     GRACE BIBLE COLLEGE GRACE BIBLE COLLEGE Ministry & Mission 2017-05-10   262.8 DUP 007279 2025-05-01 c.5 2017-05-10 Books
    Dewey Decimal Classification     GRACE BIBLE COLLEGE GRACE BIBLE COLLEGE Ministry & Mission 2017-05-31   262.8 DUP 006636 2025-05-01 c.1 2017-05-31 Books
    Dewey Decimal Classification     GRACE BIBLE COLLEGE GRACE BIBLE COLLEGE Ministry & Mission 2017-11-27   262.8 DUP 006757 2025-05-01 c.2 2017-11-27 Books
    Dewey Decimal Classification     GRACE BIBLE COLLEGE GRACE BIBLE COLLEGE Ministry & Mission 2017-11-27   262.8 DUP 006758 2025-05-01 c.3 2017-11-27 Books
    Dewey Decimal Classification     GRACE BIBLE COLLEGE GRACE BIBLE COLLEGE Ministry & Mission 2017-11-27   262.8 DUP 006759 2025-05-01 c.4 2017-11-27 Books
© Grace Bible College Library 2025